Sports Quiz

Random Sports or Grab Bag Quiz

Big 4 Teams: Alternate Definitions Quiz Stats

 Plays Quiz Updated Jul 3, 2017

Support Sporcle.
Go Orange.
Score 0/28 Timer 06:00
3 Plays Today
Hint Team Name % Correct
Lightning accompanimentOklahoma City Thunder
92.8%
Mary-Kate and Ashley or Fred and GeorgeMinnesota Twins
88.8%
Henry VIII and Billie JeanLos Angeles Kings or Sacramento Kings
86%
Central figures in 'Happy Feet'Pittsburgh Penguins
85.1%
Iblīs to Muslims and Satan to ChristiansNew Jersey Devils
84.5%
Constellation componentsDallas Stars
84.4%
Dumbledore and GandalfWashington Wizards
84.3%
Music genre of John Coltrane and Ella FitzgeraldUtah Jazz
81.7%
Swashbuckling characters in a popular Disney ridePittsburgh Pirates
80%
Polar bears and sharks, to sealsNashville Predators
79%
Old Norse raiders and adventurersMinnesota Vikings
75.4%
The transfer of thermal energyMiami Heat
73.3%
2013 hit song by LordeKansas City Royals
71.6%
Huey, Dewey, and LouieAnaheim Ducks
71.4%
Hint Team Name % Correct
Arthur Guinness and Adolphus BuschMilwaukee Brewers
69.9%
Fast cars or big catsJacksonville Jaguars
67.4%
What historical figures become after canonizationNew Orleans Saints
65.7%
Loyalists' opponents during the American Revolutionary WarNew England Patriots
65.3%
Sharks' rivals in West Side StoryNew York Jets or Winnipeg Jets
64.4%
Bishkek and TokyoWashington Capitals
61.6%
'Take It Easy' bandPhiladelphia Eagles
57.6%
Residents of Polynesia and MicronesiaNew York Islanders
48.8%
Chip 'n Dale Rescue ____Texas Rangers or New York Rangers
45.7%
Inhabitants of Brobdingnag in 'Gulliver's Travels'San Francisco Giants or New York Giants
45.2%
Saturn V, Titan IV, and AntaresHouston Rockets
43.8%
Fools rush in where these creatures fear to tread.Los Angeles Angels
28.2%
2014 film starring Reese Witherspoon and Laura DernMinnesota Wild
25.8%
Giant creatures in popular Japanese manga and animeTennessee Titans
25.6%

You're not logged in!

Compare scores with friends on all Sporcle quizzes.
OR
Log In
Forgot?

From the Vault

Landmarks on Islands

by survivor

These famous landmarks are not usually within walking distance.
Remove Ads.
Support Sporcle.
Get the best of Sporcle when you Go Orange. This ad-free experience offers more features, more stats, and more fun while also helping to support Sporcle. Thank you for becoming a member.

Show Comments

Extras

Top Quizzes Today


Score Distribution

Your Account Isn't Verified!

In order to create a playlist on Sporcle, you need to verify the email address you used during registration. Go to your Sporcle Settings to finish the process.

Report this User

Report this user for behavior that violates our Community Guidelines.

Details: